<?xml version="1.0" encoding="UTF-8"?>
<collection xmlns="http://www.loc.gov/MARC21/slim">
 <record>
  <leader>01557nam a22002417a 4500</leader>
  <controlfield tag="001">NCT_54546</controlfield>
  <controlfield tag="008">181029b        xxu||||| |||| 00| 0 vie d</controlfield>
  <datafield tag="999" ind1=" " ind2=" ">
   <subfield code="c">2619</subfield>
   <subfield code="d">2619</subfield>
  </datafield>
  <datafield tag="020" ind1=" " ind2=" ">
   <subfield code="c">25000</subfield>
  </datafield>
  <datafield tag="082" ind1="0" ind2="4">
   <subfield code="2">23rd ed.</subfield>
   <subfield code="a">617.6</subfield>
   <subfield code="b">A107</subfield>
  </datafield>
  <datafield tag="100" ind1="1" ind2=" ">
   <subfield code="a">Nguyễn Bảo Thục Anh</subfield>
  </datafield>
  <datafield tag="245" ind1="1" ind2="0">
   <subfield code="a">Hỏi đáp về răng và các bệnh răng miệng :</subfield>
   <subfield code="b">Hãy là bác sĩ của chính mình</subfield>
   <subfield code="c">Nguyễn Bảo Thục Anh, Minh Đức</subfield>
  </datafield>
  <datafield tag="260" ind1=" " ind2=" ">
   <subfield code="a">H.</subfield>
   <subfield code="b">Y học</subfield>
   <subfield code="c">2010</subfield>
  </datafield>
  <datafield tag="300" ind1=" " ind2=" ">
   <subfield code="a">158 tr.</subfield>
   <subfield code="b">Minh họa</subfield>
   <subfield code="c">19cm</subfield>
  </datafield>
  <datafield tag="520" ind1="3" ind2=" ">
   <subfield code="a">Sách sẽ giúp bạn có những kiến thức cơ bản đến cấu tạo của răng, thế nào là vệ sinh răng miệng tốt. Hiểu và phòng ngừa các bệnh răng miệng thường gập như sâu răng, bệnh bứu răng....</subfield>
  </datafield>
  <datafield tag="653" ind1=" " ind2=" ">
   <subfield code="a">Y đa khoa</subfield>
  </datafield>
  <datafield tag="700" ind1="1" ind2=" ">
   <subfield code="a">Minh Đức</subfield>
  </datafield>
  <datafield tag="942" ind1=" " ind2=" ">
   <subfield code="2">ddc</subfield>
   <subfield code="c">BK</subfield>
  </datafield>
  <datafield tag="952" ind1=" " ind2=" ">
   <subfield code="0">0</subfield>
   <subfield code="1">0</subfield>
   <subfield code="2">ddc</subfield>
   <subfield code="4">0</subfield>
   <subfield code="6">617_600000000000000_A107</subfield>
   <subfield code="7">0</subfield>
   <subfield code="9">14782</subfield>
   <subfield code="a">000001</subfield>
   <subfield code="b">000001</subfield>
   <subfield code="d">2018-10-29</subfield>
   <subfield code="o">617.6 A107</subfield>
   <subfield code="p">MD.13738</subfield>
   <subfield code="r">2019-10-23</subfield>
   <subfield code="v">25000.00</subfield>
   <subfield code="w">2018-10-29</subfield>
   <subfield code="y">BK</subfield>
  </datafield>
  <datafield tag="952" ind1=" " ind2=" ">
   <subfield code="0">0</subfield>
   <subfield code="1">0</subfield>
   <subfield code="2">ddc</subfield>
   <subfield code="4">0</subfield>
   <subfield code="6">617_600000000000000_A107</subfield>
   <subfield code="7">0</subfield>
   <subfield code="9">14783</subfield>
   <subfield code="a">000001</subfield>
   <subfield code="b">000001</subfield>
   <subfield code="d">2018-10-29</subfield>
   <subfield code="o">617.6 A107</subfield>
   <subfield code="p">MD.13739</subfield>
   <subfield code="r">2018-10-29</subfield>
   <subfield code="v">25000.00</subfield>
   <subfield code="w">2018-10-29</subfield>
   <subfield code="y">BK</subfield>
  </datafield>
  <datafield tag="952" ind1=" " ind2=" ">
   <subfield code="0">0</subfield>
   <subfield code="1">0</subfield>
   <subfield code="2">ddc</subfield>
   <subfield code="4">0</subfield>
   <subfield code="6">617_600000000000000_A107</subfield>
   <subfield code="7">0</subfield>
   <subfield code="9">14784</subfield>
   <subfield code="a">000001</subfield>
   <subfield code="b">000001</subfield>
   <subfield code="d">2018-10-29</subfield>
   <subfield code="o">617.6 A107</subfield>
   <subfield code="p">MD.13740</subfield>
   <subfield code="r">2018-10-29</subfield>
   <subfield code="v">25000.00</subfield>
   <subfield code="w">2018-10-29</subfield>
   <subfield code="y">BK</subfield>
  </datafield>
  <datafield tag="952" ind1=" " ind2=" ">
   <subfield code="0">0</subfield>
   <subfield code="1">0</subfield>
   <subfield code="2">ddc</subfield>
   <subfield code="4">0</subfield>
   <subfield code="6">617_600000000000000_A107</subfield>
   <subfield code="7">0</subfield>
   <subfield code="9">21201</subfield>
   <subfield code="a">000001</subfield>
   <subfield code="b">000001</subfield>
   <subfield code="d">2021-04-27</subfield>
   <subfield code="o">617.6 A107</subfield>
   <subfield code="p">MD.18482</subfield>
   <subfield code="r">2021-04-27</subfield>
   <subfield code="v">25000.00</subfield>
   <subfield code="w">2021-04-27</subfield>
   <subfield code="y">BK</subfield>
  </datafield>
  <datafield tag="980" ind1=" " ind2=" ">
   <subfield code="a">Thư viện Trường Đại học Nam Cần Thơ</subfield>
  </datafield>
 </record>
</collection>
